Zdroje financovania vedeckovýskumných programov v ZSSR a problémy okolo zavedenia chozrasčotu

Gespeichert in:
Bibliographische Detailangaben
1. Verfasser: Romančíková, Eva
Format: Buchkapitel
Sprache:Tschechisch
Tags: Tag hinzufügen
Keine Tags, Fügen Sie das erste Tag hinzu!

MARC

LEADER 00000naa$a2200000$$$4500
001 0086778
005 20240502083228.3
041 0 |a cze 
044 |a CZ 
245 1 0 |a Zdroje financovania vedeckovýskumných programov v ZSSR a problémy okolo zavedenia chozrasčotu  |c Eva Romančíková 
100 1 |a Romančíková, Eva